[Event "POL-chT 1st League"]
[Site "Pokrzywna"]
[Date "2018.09.04"]
[Round "4.1"]
[White "Szydlowska, Marta"]
[Black "Jakubiec, Edyta"]
[Result "0-1"]
[WhiteElo "2001"]
[BlackElo "2153"]
[PlyCount "62"]
[EventDate "2018.09.01"]
[EventType "team-tourn"]
[EventRounds "9"]
[EventCountry "POL"]
[SourceTitle "CBM 186 Extra"]
[Source "ChessBase"]
[SourceDate "2018.08.24"]
[SourceVersion "1"]
[SourceVersionDate "2018.08.24"]
[SourceQuality "1"]
[WhiteTeam "Gliwice Politechnika Slaska"]
[BlackTeam "Krakow KKSz"]
[WhiteTeamCountry "POL"]
[BlackTeamCountry "POL"]

1. d4 d6 2. Nf3 g6 3. e4 Nf6 4. Bd3 Bg7 5. c3 0-0 6. Bg5 c5 7. d5 e6 8. dxe6 Bxe6 9. 0-0 h6 10. Bh4 Nc6 11. Nbd2 Re8 12. Re1 Rb8 13. a4 a6 14. Qc2 b5 15. axb5 axb5 16. Ra6 Qc7 17. Bg3 c4 18. Bf1 Nh5 19. Nd4 Nxd4 20. cxd4 Nxg3 21. hxg3 Bxd4 22. Nf3 Bg7 23. Qd2 Rb6 24. Qa5 Reb8 25. Ra7 Qc5 26. Re2 Rc6 27. Ra8 Rxa8 28. Qxa8+ Rc8 29. Qa6 b4 30. Rc2 b3 31. Rc1 Bxb2 0-1

[Event "POL-chT 2nd League"]
[Site "Jastrzebia Gora"]
[Date "2016.09.09"]
[Round "7.18"]
[White "Sliwicka, Alicja"]
[Black "Szydlowska, Marta"]
[Result "1-0"]
[WhiteElo "2092"]
[BlackElo "2002"]
[PlyCount "47"]
[EventDate "2016.09.03"]
[EventType "team-swiss"]
[EventRounds "9"]
[EventCountry "POL"]
[SourceTitle "EXT 2017"]
[Source "ChessBase"]
[SourceDate "2016.10.25"]
[SourceVersion "1"]
[SourceVersionDate "2016.10.25"]
[SourceQuality "1"]
[WhiteTeam "Lodz Okucia Budowlane"]
[BlackTeam "Gliwice Politechnika Slaska"]
[WhiteTeamCountry "POL"]
[BlackTeamCountry "POL"]

1. e4 d5 2. exd5 Qxd5 3. Nf3 Bg4 4. Be2 Nc6 5. d4 0-0-0 6. Be3 Nf6 7. 0-0 e5 8. c4 Qa5 9. d5 Bc5 10. Bd2 Bb4 11. dxc6 Bxf3 12. Bxf3 Bxd2 13. cxb7+ Kb8 14. Nxd2 Rxd2 15. Qe1 Rhd8 16. b4 Qxb4 17. Qxe5 Re8 18. Qg5 Ne4 19. Qxg7 Qxc4 20. Rac1 Qxa2 21. Bxe4 Rxe4 22. Qh8+ Kxb7 23. Rb1+ Kc6 24. Qa8+ 1-0

[Event "POL-chT 2nd League"]
[Site "Jastrzebia Gora"]
[Date "2016.09.08"]
[Round "6.18"]
[White "Szydlowska, Marta"]
[Black "Pacuszka, Wioletta"]
[Result "0-1"]
[WhiteElo "2002"]
[BlackElo "1923"]
[PlyCount "84"]
[EventDate "2016.09.03"]
[EventType "team-swiss"]
[EventRounds "9"]
[EventCountry "POL"]
[SourceTitle "EXT 2017"]
[Source "ChessBase"]
[SourceDate "2016.10.25"]
[SourceVersion "1"]
[SourceVersionDate "2016.10.25"]
[SourceQuality "1"]
[WhiteTeam "Gliwice Politechnika Slaska"]
[BlackTeam "Rotmistrz"]
[WhiteTeamCountry "POL"]
[BlackTeamCountry "POL"]

1. d4 d5 2. Nf3 Nf6 3. Bf4 e6 4. e3 c5 5. c3 Nc6 6. Bd3 Bd6 7. Bg3 0-0 8. Nbd2 b6 9. Ne5 Bb7 10. 0-0 g6 11. f4 Nh5 12. Be1 f5 13. Rf3 c4 14. Be2 b5 15. Rh3 Nf6 16. Bh4 Be7 17. Qe1 Ne4 18. Nxe4 dxe4 19. Qg3 Bxh4 20. Rxh4 Nxe5 21. fxe5 Rf7 22. Rh6 Bd5 23. Rf1 Rb8 24. Rf4 Rbb7 25. Rfh4 Rg7 26. Qh3 a5 27. a3 b4 28. axb4 axb4 29. cxb4 Qa8 30. Qg3 Rxb4 31. Rxh7 Rxh7 32. Qxg6+ Rg7 33. Qh5 Qf8 34. Qh8+ Kf7 35. Qh6 Ke7 36. Qf4 Rxb2 37. Qf1 Qb8 38. Bd1 Rbxg2+ 39. Qxg2 Rxg2+ 40. Kxg2 Qb2+ 41. Kg3 Qd2 42. Rh7+ Kf8 0-1

[Event "POL-chT 2nd League"]
[Site "Jastrzebia Gora"]
[Date "2015.09.07"]
[Round "3.54"]
[White "Cichocka, Urszula"]
[Black "Szydlowska, Marta"]
[Result "0-1"]
[WhiteElo "1697"]
[BlackElo "1990"]
[PlyCount "78"]
[EventDate "2015.09.05"]
[EventType "team-swiss"]
[EventRounds "9"]
[EventCountry "POL"]
[SourceTitle "EXT 2017"]
[Source "ChessBase"]
[SourceDate "2016.10.25"]
[SourceVersion "1"]
[SourceVersionDate "2016.10.25"]
[SourceQuality "1"]
[WhiteTeam "Kolbudy UKS Zawisza"]
[BlackTeam "Gliwice Politechnika Slaska"]
[WhiteTeamCountry "POL"]
[BlackTeamCountry "POL"]

1. e4 d5 2. exd5 Qxd5 3. Nc3 Qa5 4. d4 Nf6 5. Bc4 Bf5 6. Nf3 e6 7. Bd2 Bb4 8. a3 Bxc3 9. Bxc3 Qb6 10. Ne5 Nc6 11. 0-0 Nxe5 12. dxe5 Rd8 13. Qf3 Ne4 14. Rad1 0-0 15. h3 Nxc3 16. Qxc3 Qc6 17. Qb4 Bxc2 18. Rc1 Qe4 19. Rfe1 Qf5 20. Qxb7 Rd2 21. Qxa7 Rfd8 22. Bf1 g5 23. Qe3 R8d4 24. Re2 R2d3 25. g4 Qg6 26. Rexc2 Rxe3 27. fxe3 Rd5 28. Rxc7 Rxe5 29. R7c3 h5 30. Be2 hxg4 31. Bxg4 Qe4 32. b4 Rd5 33. R1c2 f5 34. Be2 Qh4 35. Bf1 Rd1 36. Rc8+ Kf7 37. R2c7+ Kf6 38. Rf8+ Ke5 39. Rc5+ Rd5 0-1

[Event "POL-chT2"]
[Site "Poronin"]
[Date "2013.09.07"]
[Round "1.84"]
[White "Szydlowska, Marta"]
[Black "Magnucka, Arleta"]
[Result "1-0"]
[WhiteElo "2022"]
[BlackElo "1862"]
[PlyCount "34"]
[EventDate "2013.09.06"]
[EventType "team-swiss"]
[EventRounds "9"]
[EventCountry "POL"]
[SourceTitle "EXT 2015"]
[Source "ChessBase"]
[SourceDate "2014.11.20"]
[SourceVersion "1"]
[SourceVersionDate "2014.11.20"]
[SourceQuality "1"]
[WhiteTeam "Gliwice Politechnika Slaska"]
[BlackTeam "Steszew Lipno"]
[WhiteTeamCountry "POL"]
[BlackTeamCountry "POL"]

1. d4 d6 2. Nf3 g6 3. Bf4 Nf6 4. e3 Bg7 5. h3 0-0 6. Be2 Nbd7 7. c4 c6 8. Nc3 Qa5 9. 0-0 e5 10. dxe5 dxe5 11. Bh2 Re8 12. Rb1 e4 13. Nd4 h5 14. b4 Qd8 15. Qc2 Qe7 16. Rfe1 Nh7 17. b5 Bxd4 1-0

[Event "POL-chT 1st League"]
[Site "Poronin"]
[Date "2012.09.??"]
[Round "1"]
[White "Szydlowska, Marta"]
[Black "Jakubiec, Edyta"]
[Result "0-1"]
[WhiteElo "2034"]
[BlackElo "2183"]
[PlyCount "62"]
[EventDate "2012.09.01"]
[EventType "team-tourn"]
[EventRounds "9"]
[EventCountry "POL"]
[SourceTitle "EXT 2013"]
[Source "ChessBase"]
[SourceDate "2012.11.22"]
[SourceVersion "1"]
[SourceVersionDate "2012.11.22"]
[SourceQuality "1"]
[WhiteTeam "Gliwice Politechnika Slaska"]
[BlackTeam "Krakow TKKF Drogowiec"]
[WhiteTeamCountry "POL"]
[BlackTeamCountry "POL"]

1. d4 Nf6 2. Nf3 g6 3. Bf4 Bg7 4. e3 0-0 5. Be2 d6 6. h3 Nfd7 7. c3 e5 8. dxe5 dxe5 9. Bh2 Qe7 10. Nbd2 a6 11. a4 Nc6 12. Qc2 Nb6 13. a5 Nd5 14. Nc4 Rd8 15. 0-0 Rb8 16. Rfd1 f6 17. e4 Nf4 18. Bxf4 exf4 19. Rxd8+ Nxd8 20. Rd1 Nf7 21. Nd4 Bd7 22. Bf3 Ne5 23. Qb3 Kh8 24. Nd2 c5 25. Ne2 Bh6 26. Qb6 Ba4 27. b3 Bc6 28. b4 Rd8 29. Qxc5 Qxc5 30. bxc5 Ba4 31. Nd4 Nxf3+ 0-1

[Event "POL-chT 2nd League"]
[Site "Mrzezyno"]
[Date "2011.09.06"]
[Round "4"]
[White "Szydlowska, Marta"]
[Black "Zareba, Radoslaw"]
[Result "0-1"]
[WhiteElo "2072"]
[BlackElo "2039"]
[PlyCount "82"]
[EventDate "2011.09.03"]
[EventType "team-swiss"]
[EventRounds "9"]
[EventCountry "POL"]
[SourceTitle "EXT 2015"]
[Source "ChessBase"]
[SourceDate "2014.11.20"]
[SourceVersion "1"]
[SourceVersionDate "2014.11.20"]
[SourceQuality "1"]
[WhiteTeam "Gliwice Politechnika Slaska"]
[BlackTeam "Wisznia Mala OKSiR"]
[WhiteTeamCountry "POL"]
[BlackTeamCountry "POL"]

1. d4 Nf6 2. Nf3 c5 3. d5 d6 4. Nc3 g6 5. h3 Bg7 6. e4 0-0 7. Be2 Na6 8. 0-0 Nc7 9. Re1 Rb8 10. a4 b6 11. Bf1 a6 12. Bf4 b5 13. axb5 axb5 14. Qd2 b4 15. Nd1 Bd7 16. Bh6 e6 17. Bxg7 Kxg7 18. Bc4 exd5 19. exd5 Re8 20. Ne3 Ra8 21. Qd3 Ne4 22. Bb3 Qf6 23. Rxa8 Nxa8 24. Nc4 Bf5 25. Qd1 Nc7 26. Re3 h5 27. Ncd2 Qxb2 28. Nxe4 Rxe4 29. Qe1 Rxe3 30. Qxe3 Bxc2 31. Bc4 Qc3 32. Qf4 b3 33. Qxd6 b2 34. Ba2 Ne8 35. Qe7 Bb3 36. Bb1 Qc1+ 37. Kh2 Qxb1 38. Qxe8 Qf5 39. Nd2 Qf4+ 40. Kg1 Qxd2 41. Qe5+ Kh7 0-1

[Event "POL-chT 1st League"]
[Site "Katowice"]
[Date "2010.09.09"]
[Round "6"]
[White "Cherednichenko, Svetlana"]
[Black "Szydlowska, Marta"]
[Result "1-0"]
[WhiteElo "2285"]
[BlackElo "2063"]
[PlyCount "77"]
[EventDate "2010.09.04"]
[EventType "team-tourn"]
[EventRounds "9"]
[EventCountry "POL"]
[SourceTitle "EXT 2019"]
[Source "ChessBase"]
[SourceDate "2018.10.10"]
[SourceVersion "1"]
[SourceVersionDate "2018.10.10"]
[SourceQuality "1"]
[WhiteTeam "Raciborz Silesia"]
[BlackTeam "Gliwice Politechnika Slaska"]
[WhiteTeamCountry "POL"]
[BlackTeamCountry "POL"]

1. d4 Nf6 2. c4 e6 3. Nf3 Bb4+ 4. Nbd2 c5 5. e3 Nc6 6. Bd3 cxd4 7. exd4 d5 8. 0-0 Bxd2 9. Qxd2 dxc4 10. Bxc4 0-0 11. Rd1 Nd5 12. a3 a5 13. Qd3 h6 14. Ne5 Qf6 15. Qg3 Nce7 16. f4 Rd8 17. Bd3 Nf5 18. Qf2 h5 19. Bd2 b6 20. Bc3 Bb7 21. Re1 Rac8 22. Rac1 Rc7 23. Qd2 Rdc8 24. Be4 Nd6 25. Bb1 Qxf4 26. Qd3 Nf5 27. g3 Qg5 28. Bd2 Qe7 29. Rxc7 Qxc7 30. h3 f6 31. g4 fxe5 32. gxf5 e4 33. Rxe4 exf5 34. Re5 g6 35. Ba2 Qd7 36. Qf3 Rd8 37. Bg5 Re8 38. Bxd5+ Bxd5 39. Qxd5+ 1-0

[Event "POL-chT 1st League"]
[Site "Katowice"]
[Date "2010.09.06"]
[Round "3"]
[White "Michna, Marta"]
[Black "Szydlowska, Marta"]
[Result "1-0"]
[WhiteElo "2399"]
[BlackElo "2063"]
[PlyCount "53"]
[EventDate "2010.09.04"]
[EventType "team-tourn"]
[EventRounds "9"]
[EventCountry "POL"]
[SourceTitle "EXT 2019"]
[Source "ChessBase"]
[SourceDate "2018.10.10"]
[SourceVersion "1"]
[SourceVersionDate "2018.10.10"]
[SourceQuality "1"]
[WhiteTeam "Kozuchow Odrodzenie"]
[BlackTeam "Gliwice Politechnika Slaska"]
[WhiteTeamCountry "POL"]
[BlackTeamCountry "POL"]

1. b3 Nf6 2. Bb2 g6 3. f4 Bg7 4. e3 0-0 5. Nf3 d6 6. g3 Nc6 7. Bg2 e5 8. fxe5 Ng4 9. 0-0 Ngxe5 10. Nxe5 Nxe5 11. Nc3 Bg4 12. Qe1 c6 13. d4 Nd7 14. Qf2 Be6 15. a4 f5 16. a5 Nf6 17. a6 Qc7 18. axb7 Qxb7 19. Qe2 a5 20. Qd3 Qc7 21. Ra4 Bh6 22. Rfa1 Ng4 23. Bc1 d5 24. b4 Bc8 25. Nxd5 Qd8 26. Nf4 Ba6 27. Qb3+ 1-0

[Event "POL-chT 1st League"]
[Site "Katowice"]
[Date "2010.09.05"]
[Round "2"]
[White "Szydlowska, Marta"]
[Black "Zmarzly, Aleksandra"]
[Result "1/2-1/2"]
[WhiteElo "2063"]
[BlackElo "2063"]
[PlyCount "108"]
[EventDate "2010.09.04"]
[EventType "team-tourn"]
[EventRounds "9"]
[EventCountry "POL"]
[SourceTitle "EXT 2019"]
[Source "ChessBase"]
[SourceDate "2018.10.10"]
[SourceVersion "1"]
[SourceVersionDate "2018.10.10"]
[SourceQuality "1"]
[WhiteTeam "Gliwice Politechnika Slaska"]
[BlackTeam "Legnica Miedz"]
[WhiteTeamCountry "POL"]
[BlackTeamCountry "POL"]

1. d4 d5 2. Nf3 Nf6 3. Bf4 c5 4. e3 Qb6 5. Qc1 Nc6 6. c3 Bf5 7. Be2 Rc8 8. 0-0 e6 9. Nbd2 cxd4 10. exd4 Be7 11. a4 0-0 12. Be3 Ne4 13. Nxe4 Bxe4 14. Ne5 Rfd8 15. Nxc6 bxc6 16. a5 Qb3 17. Bd1 Qb7 18. b4 Bd3 19. Re1 Re8 20. Qd2 Bg6 21. Bf4 Bf8 22. h4 h6 23. g4 Qd7 24. h5 Bh7 25. g5 hxg5 26. Bxg5 f6 27. Bf4 Bd6 28. Bg4 Rcd8 29. Qe3 Bxf4 30. Qxf4 Qd6 31. Qxd6 Rxd6 32. f4 Be4 33. Kf2 e5 34. fxe5 fxe5 35. Ke3 Rf6 36. dxe5 Rxe5 37. Kd4 Rg5 38. Rg1 Kh8 39. Be2 Rgf5 40. Rg3 Rf2 41. Bg4 R2f4 42. Ke3 Bc2 43. Bf3 Be4 44. Be2 Bh7 45. Rag1 Re4+ 46. Kd2 Re7 47. Rf1 Rxf1 48. Bxf1 Be4 49. Be2 Rf7 50. Ke3 Kh7 51. Kd4 Rf2 52. Bg4 Bc2 53. Kc5 Ba4 54. Bd7 Rf4 1/2-1/2

[Event "POL-chT 1st League"]
[Site "Katowice"]
[Date "2010.09.04"]
[Round "1"]
[White "Stoma, Katarzyna"]
[Black "Szydlowska, Marta"]
[Result "1/2-1/2"]
[WhiteElo "1944"]
[BlackElo "2063"]
[PlyCount "77"]
[EventDate "2010.09.04"]
[EventType "team-tourn"]
[EventRounds "9"]
[EventCountry "POL"]
[SourceTitle "EXT 2019"]
[Source "ChessBase"]
[SourceDate "2018.10.10"]
[SourceVersion "1"]
[SourceVersionDate "2018.10.10"]
[SourceQuality "1"]
[WhiteTeam "Lublin Drakon SKOK Chmielewskiego"]
[BlackTeam "Gliwice Politechnika Slaska"]
[WhiteTeamCountry "POL"]
[BlackTeamCountry "POL"]

1. e4 d5 2. exd5 Qxd5 3. Nc3 Qa5 4. d4 Nf6 5. Nf3 Bg4 6. h3 Bh5 7. g4 Bg6 8. Ne5 e6 9. Bg2 c6 10. h4 Be4 11. Bxe4 Nxe4 12. Qf3 Nd6 13. 0-0 Be7 14. Ne4 0-0 15. Nxd6 Bxd6 16. Nc4 Qc7 17. Nxd6 Qxd6 18. Rd1 Nd7 19. Bf4 Qd5 20. Qxd5 cxd5 21. Rac1 Rfc8 22. b3 b5 23. c3 Rc6 24. Rd2 Rac8 25. Rdc2 Nb6 26. a3 a5 27. Bd2 a4 28. Rb2 f6 29. Be1 axb3 30. Rxb3 Nc4 31. Rxb5 Nxa3 32. Rb7 R8c7 33. Rb3 Nc4 34. Ra1 Kf7 35. f3 Rb6 36. Rxb6 Nxb6 37. Ra5 Nc4 38. Rb5 Ra7 39. h5 1/2-1/2

[Event "Rewal op-B 15th"]
[Site "Rewal"]
[Date "2010.08.27"]
[Round "9"]
[White "Czernicki, Bogdan"]
[Black "Szydlowska, Marta"]
[Result "0-1"]
[WhiteElo "1912"]
[BlackElo "2063"]
[PlyCount "134"]
[EventDate "2010.08.18"]
[EventType "swiss"]
[EventRounds "9"]
[EventCountry "POL"]
[SourceTitle "EXT 2014"]
[Source "ChessBase"]
[SourceDate "2013.11.20"]
[SourceVersion "1"]
[SourceVersionDate "2013.11.20"]
[SourceQuality "1"]

1. d4 d5 2. Nf3 Nf6 3. Bf4 c5 4. e3 Nc6 5. c3 Qb6 6. Qc1 Bf5 7. Nbd2 Rc8 8. Be2 cxd4 9. Nxd4 Nxd4 10. exd4 e6 11. 0-0 Be7 12. h3 0-0 13. Be5 Nd7 14. Bh2 f6 15. g4 Bg6 16. Bf3 Bd6 17. Bg2 Bxh2+ 18. Kxh2 Qd6+ 19. Kg1 e5 20. Nb3 e4 21. f3 f5 22. gxf5 Rxf5 23. fxe4 Rxf1+ 24. Qxf1 Rf8 25. Qe2 Bxe4 26. Bxe4 dxe4 27. Rf1 Qg3+ 28. Qg2 Qe3+ 29. Kh2 Rf3 30. Nd2 Qf4+ 31. Kg1 Rxf1+ 32. Nxf1 Nf6 33. Qg3 g5 34. Kg2 Kf7 35. c4 h5 36. h4 Ng4 37. hxg5 Qxg5 38. Qc7+ Kg6 39. Qd6+ Nf6+ 40. Qg3 h4 41. Qxg5+ Kxg5 42. Ne3 Kf4 43. Nc2 e3 44. d5 Ke4 45. Ne1 Kd4 46. Nf3+ Kxc4 47. d6 Kd3 48. Nxh4 e2 49. Nf3 Kc2 50. Nd4+ Kd1 51. Nf3 e1Q 52. Nxe1 Kxe1 53. Kf3 Kd2 54. Kf4 Kc2 55. Ke5 Nd7+ 56. Ke6 Nb6 57. b4 Kc3 58. d7 Nxd7 59. Kxd7 Kxb4 60. Kc7 b5 61. Kc6 a5 62. Kb6 a4 63. Ka6 a3 64. Kb6 Kc4 65. Ka5 b4 66. Ka4 Kc3 67. Kb5 b3 0-1

[Event "Rewal op-B 15th"]
[Site "Rewal"]
[Date "2010.08.27"]
[Round "8"]
[White "Szydlowska, Marta"]
[Black "Starczewska, Dominika"]
[Result "1-0"]
[WhiteElo "2063"]
[BlackElo "1885"]
[PlyCount "49"]
[EventDate "2010.08.18"]
[EventType "swiss"]
[EventRounds "9"]
[EventCountry "POL"]
[SourceTitle "EXT 2014"]
[Source "ChessBase"]
[SourceDate "2013.11.20"]
[SourceVersion "1"]
[SourceVersionDate "2013.11.20"]
[SourceQuality "1"]

1. d4 Nf6 2. Nf3 g6 3. Bf4 Bg7 4. e3 0-0 5. Be2 d5 6. h3 c5 7. c3 cxd4 8. exd4 Nc6 9. 0-0 Ne4 10. Nbd2 Re8 11. Re1 Nxd2 12. Qxd2 Bd7 13. Bd3 Rc8 14. h4 h5 15. Bh6 Bf6 16. Qf4 e6 17. Ne5 Nxe5 18. dxe5 Bg7 19. Re3 Qe7 20. Rg3 Kh7 21. Bg5 Qf8 22. Rf3 Kg8 23. g4 hxg4 24. Qxg4 Bxe5 25. Bxg6 1-0

[Event "Rewal op-B 15th"]
[Site "Rewal"]
[Date "2010.08.21"]
[Round "3"]
[White "Kuspak, Aleksander"]
[Black "Szydlowska, Marta"]
[Result "1/2-1/2"]
[WhiteElo "1842"]
[BlackElo "2063"]
[PlyCount "170"]
[EventDate "2010.08.18"]
[EventType "swiss"]
[EventRounds "9"]
[EventCountry "POL"]
[SourceTitle "EXT 2014"]
[Source "ChessBase"]
[SourceDate "2013.11.20"]
[SourceVersion "1"]
[SourceVersionDate "2013.11.20"]
[SourceQuality "1"]

1. e4 d5 2. exd5 Qxd5 3. Nc3 Qa5 4. d4 Nf6 5. Nf3 Bg4 6. h3 Bh5 7. Bb5+ c6 8. Be2 Nbd7 9. 0-0 e6 10. Bf4 Be7 11. a3 0-0 12. Qd3 Nd5 13. Nxd5 cxd5 14. Rfc1 Bg6 15. Qb3 Nb6 16. Bc7 Rac8 17. Bxb6 axb6 18. Ne5 Bg5 19. Nxg6 hxg6 20. Rd1 Rc6 21. Bd3 Qa8 22. Bb5 Rc7 23. Qg3 Qd8 24. c3 Bh4 25. Qg4 Qf6 26. f4 Qd8 27. g3 Be7 28. Re1 g5 29. f5 exf5 30. Qxf5 Qd6 31. Kg2 Bf6 32. Rf1 Bd8 33. Rae1 Re7 34. Rxe7 Bxe7 35. Be8 Bf6 36. Bb5 Rd8 37. Bd3 Kf8 38. Re1 g6 39. Qg4 Rd7 40. Bxg6 Re7 41. Rxe7 Qxe7 42. Bd3 Qe3 43. Qe2 Qxe2+ 44. Bxe2 Ke7 45. Bg4 Kd6 46. Kf3 Bd8 47. b4 Be7 48. Bc8 Kc7 49. Bf5 Kd6 50. b5 Kc7 51. a4 Ba3 52. Ke2 Bd6 53. g4 Bg3 54. Kd3 Kd6 55. c4 dxc4+ 56. Kxc4 Bf2 57. Be4 f6 58. Bxb7 Be1 59. Be4 Bf2 60. Kd3 Be1 61. Bc6 Bb4 62. Ke4 Bc3 63. Bd5 Be1 64. Bf7 Bc3 65. Bc4 Bd2 66. Kf5 Ke7 67. Bf1 Bc3 68. d5 Bd2 69. Bg2 Bc3 70. Bf3 Bd2 71. d6+ Kxd6 72. Kxf6 Kc5 73. Kg6 Kb4 74. Bd1 Ka5 75. Kh5 Kb4 76. h4 gxh4 77. Kxh4 Kc5 78. g5 Kd6 79. g6 Ke7 80. Kg4 Kf6 81. Bc2 Kg7 82. Kf5 Bc1 83. Ke6 Be3 84. Kd6 Bd2 85. Kc6 Ba5 1/2-1/2

[Event "Rewal op-B 15th"]
[Site "Rewal"]
[Date "2010.08.20"]
[Round "2"]
[White "Szydlowska, Marta"]
[Black "Majdan, Damian"]
[Result "1/2-1/2"]
[WhiteElo "2063"]
[BlackElo "1846"]
[PlyCount "67"]
[EventDate "2010.08.18"]
[EventType "swiss"]
[EventRounds "9"]
[EventCountry "POL"]
[SourceTitle "EXT 2014"]
[Source "ChessBase"]
[SourceDate "2013.11.20"]
[SourceVersion "1"]
[SourceVersionDate "2013.11.20"]
[SourceQuality "1"]

1. d4 Nf6 2. Nf3 g6 3. Bf4 Bg7 4. e3 0-0 5. Be2 c5 6. c3 cxd4 7. exd4 d6 8. 0-0 Bg4 9. h3 Bd7 10. Nbd2 d5 11. Re1 Nc6 12. Bd3 a6 13. Ne5 Nxe5 14. Bxe5 Nh5 15. Bh2 Bf6 16. Nf3 Ng7 17. g4 Ne8 18. Qe2 e6 19. Ne5 Bg7 20. Kg2 Bc6 21. Bg3 Nf6 22. h4 h5 23. g5 Ne4 24. Bh2 Bxe5 25. Bxe5 Nd6 26. Bf6 Qd7 27. Qe5 Kh7 28. Bg7 Rg8 29. Bh6 Nf5 30. Bxf5 exf5 31. Qf6 Rae8 32. Rxe8 Qxe8 33. Re1 Qxe1 34. Qxf7+ 1/2-1/2

[Event "POL-chT 2nd League"]
[Site "Ustron"]
[Date "2008.09.06"]
[Round "1.18"]
[White "Leszner, Liliana"]
[Black "Szydlowska, Marta"]
[Result "0-1"]
[WhiteElo "2140"]
[BlackElo "2032"]
[PlyCount "94"]
[EventDate "2008.09.06"]
[EventType "team-swiss"]
[EventRounds "9"]
[EventCountry "POL"]
[SourceTitle "EXT 2015"]
[Source "ChessBase"]
[SourceDate "2014.11.20"]
[SourceVersion "1"]
[SourceVersionDate "2014.11.20"]
[SourceQuality "1"]
[WhiteTeam "Milanowek UKS Jedwabnik"]
[BlackTeam "Gliwice Politechnika Slaska"]
[WhiteTeamCountry "POL"]
[BlackTeamCountry "POL"]

1. e4 d5 2. exd5 Qxd5 3. Nc3 Qa5 4. Bc4 Nf6 5. h3 Bf5 6. Nf3 e6 7. 0-0 Bd6 8. Nb5 0-0 9. d3 a6 10. Bd2 Qb6 11. Be3 c5 12. Nxd6 Qxd6 13. a4 Nc6 14. Nh4 Bg6 15. f4 Nd5 16. Bd2 Nd4 17. c3 Nf5 18. Nxf5 Bxf5 19. Qf3 Nb6 20. Rfd1 Nxc4 21. dxc4 Bc2 22. Be3 Bxd1 23. Rxd1 Qc7 24. Qh5 b6 25. a5 bxa5 26. Bxc5 Rfd8 27. Bd4 Qxc4 28. Qxa5 Rd5 29. Qa3 Rb8 30. Kh1 Qe2 31. Qa4 Qxb2 32. Qxa6 Qc2 33. Rf1 h6 34. Rf2 Qc1+ 35. Kh2 h5 36. Qa7 Rb1 37. Qe7 Rf5 38. Be5 Qg1+ 39. Kg3 Qe1 40. Bd4 Rb2 41. Qc7 Rd2 42. Qc4 h4+ 43. Kf3 Qd1+ 44. Ke3 Rxf2 45. Kxf2 Rxf4+ 46. Ke3 Qc1+ 47. Ke2 Qf1+ 0-1

[Event "Kolobrzeg op"]
[Site "Kolobrzeg"]
[Date "2008.08.26"]
[Round "9"]
[White "Wandzik, Wojciech"]
[Black "Szydlowska, Marta"]
[Result "1-0"]
[WhiteElo "2063"]
[BlackElo "2032"]
[PlyCount "119"]
[EventDate "2008.08.18"]
[EventType "swiss"]
[EventRounds "9"]
[EventCountry "POL"]
[SourceTitle "CBM 126 Extra"]
[Source "ChessBase"]
[SourceDate "2008.11.05"]
[SourceVersion "1"]
[SourceVersionDate "2008.11.05"]
[SourceQuality "1"]

1. e4 c6 2. d4 d5 3. exd5 cxd5 4. c4 e6 5. Nf3 Nf6 6. c5 Nc6 7. Nc3 Be7 8. Bb5 Bd7 9. 0-0 0-0 10. Re1 Qc7 11. Bxc6 Bxc6 12. Ne5 Nd7 13. Nd3 Bf6 14. Bf4 Qd8 15. Ne5 Bxe5 16. Bxe5 f6 17. Bd6 Re8 18. b4 Nf8 19. Qh5 Ng6 20. Re3 Bd7 21. Rh3 Kf7 22. Rg3 Kg8 23. Rh3 Kf7 24. Re3 Kg8 25. Rae1 b6 26. Qd1 b5 27. f4 Nh4 28. g4 f5 29. g5 a5 30. Rh3 Ng6 31. Ne2 axb4 32. Nc1 Ra3 33. Nd3 Rxd3 34. Rxd3 Kf7 35. Rh3 Rh8 36. Qd2 Qa5 37. a3 Ra8 38. Qxb4 Qa4 39. Qc3 Qc4 40. Qe3 Ra4 41. Rc1 Qxd4 42. Qxd4 Rxd4 43. c6 Bc8 44. Rb3 Nxf4 45. Bxf4 Rxf4 46. Rxb5 Ke8 47. Rb4 Rxb4 48. axb4 Kd8 49. b5 Kc7 50. Ra1 e5 51. Ra8 d4 52. b6+ Kxc6 53. Rxc8+ Kxb6 54. Kf2 e4 55. Rc4 d3 56. Ke3 g6 57. h4 Kb5 58. Rc7 Kb4 59. Rxh7 Kc5 60. h5 1-0

[Event "POL-chT1"]
[Site "Chotowa"]
[Date "2007.09.07"]
[Round "5"]
[White "Korosciel, Aneta"]
[Black "Szydlowska, Marta"]
[Result "0-1"]
[WhiteElo "2105"]
[BlackElo "2038"]
[PlyCount "82"]
[EventDate "2007.09.03"]
[EventType "team"]
[EventRounds "9"]
[EventCountry "POL"]
[SourceTitle "EXT 2009"]
[Source "ChessBase"]
[SourceDate "2008.11.26"]
[SourceVersion "1"]
[SourceVersionDate "2008.11.26"]
[SourceQuality "1"]

1. e4 c5 2. Nf3 a6 3. c4 d6 4. d4 Bg4 5. dxc5 Bxf3 6. Qxf3 dxc5 7. Nc3 Nc6 8. Be3 e6 9. g3 Nf6 10. Rd1 Qb6 11. Rd2 Nd4 12. Qd1 Rd8 13. Bg2 Be7 14. e5 Nd7 15. f4 Nb8 16. 0-0 0-0 17. Be4 Nbc6 18. g4 Qb4 19. Bd3 b5 20. cxb5 axb5 21. Qb1 g6 22. Be4 Na5 23. a3 Qb3 24. Bxd4 cxd4 25. Bc2 Qc4 26. Ne4 b4 27. Bd3 Qc7 28. axb4 Bxb4 29. Rc2 Qe7 30. Nf6+ Kg7 31. Rfc1 Qb7 32. Be4 Qb6 33. Bd3 Nb3 34. Rc6 Qb7 35. Ba6 Qa7 36. Rd1 d3+ 37. Kg2 Qa8 38. Bb5 Nd4 39. Qa1 Qxa1 40. Rxa1 Nxb5 41. Rb6 Rb8 0-1

[Event "POL-chT1"]
[Site "Chotowa"]
[Date "2007.09.06"]
[Round "4"]
[White "Szydlowska, Marta"]
[Black "Toma, Katarzyna"]
[Result "0-1"]
[WhiteElo "2038"]
[BlackElo "2275"]
[PlyCount "88"]
[EventDate "2007.09.03"]
[EventType "team"]
[EventRounds "9"]
[EventCountry "POL"]
[SourceTitle "EXT 2009"]
[Source "ChessBase"]
[SourceDate "2008.11.26"]
[SourceVersion "1"]
[SourceVersionDate "2008.11.26"]
[SourceQuality "1"]

1. d4 Nf6 2. Nf3 g6 3. Bf4 Bg7 4. e3 d6 5. h3 0-0 6. Be2 b6 7. 0-0 Bb7 8. Bh2 Nbd7 9. c4 c5 10. Nc3 Ne4 11. Qc2 Nxc3 12. bxc3 Qc7 13. d5 b5 14. cxb5 Bxd5 15. e4 Bb7 16. Nd2 a6 17. a4 Qa5 18. Rfc1 axb5 19. Bxb5 Qc7 20. Nc4 Bc6 21. Ne3 Nb6 22. Bxc6 Qxc6 23. a5 Nd7 24. Nd5 Rfe8 25. Rcb1 e6 26. Ne3 Ra6 27. Nc4 d5 28. Nd6 Rea8 29. exd5 exd5 30. Nb7 R6a7 31. Qb3 c4 32. Qb2 Nc5 33. Nxc5 Qxc5 34. Qd2 Rxa5 35. Rxa5 Qxa5 36. Bd6 Bxc3 37. Qf4 Bg7 38. Rb7 Qa1+ 39. Kh2 Qf6 40. Qg3 h5 41. Be7 Qe5 42. f4 Qf5 43. Qf3 d4 44. Rc7 Rc8 0-1